<?xml version="1.0" encoding="UTF-8"?>
<collection xmlns:xsi="http://www.w3.org/2001/XMLSchema-instance" xsi:schemaLocation="http://www.loc.gov/MARC21/slim http://www.loc.gov/standards/marcxml/schema/MARC21slim.xsd" xmlns="http://www.loc.gov/MARC21/slim">
 <record>
  <leader>00000cam a22000004a 4500</leader>
  <controlfield tag="001">UP-99796217609583805</controlfield>
  <controlfield tag="003">Buklod</controlfield>
  <controlfield tag="005">20101211153125.0</controlfield>
  <controlfield tag="006">m    |o  d |      </controlfield>
  <controlfield tag="007">ta</controlfield>
  <controlfield tag="008">091005s2010    enk     rb   |001 0|eng d</controlfield>
  <datafield tag="020" ind1=" " ind2=" ">
   <subfield code="a">9781444332957 (pbk. : alk. paper)</subfield>
  </datafield>
  <datafield tag="035" ind1=" " ind2=" ">
   <subfield code="a">(iLib)UPD-00139803672</subfield>
  </datafield>
  <datafield tag="040" ind1=" " ind2=" ">
   <subfield code="a">DLC</subfield>
   <subfield code="d">DCPA</subfield>
  </datafield>
  <datafield tag="041" ind1="0" ind2=" ">
   <subfield code="a">eng</subfield>
  </datafield>
  <datafield tag="042" ind1=" " ind2=" ">
   <subfield code="a">DMLUC</subfield>
  </datafield>
  <datafield tag="090" ind1=" " ind2=" ">
   <subfield code="a">GN 641</subfield>
   <subfield code="b">I85 2010</subfield>
  </datafield>
  <datafield tag="245" ind1="0" ind2="0">
   <subfield code="a">Islam, politics, anthropology</subfield>
   <subfield code="c">edited by Filippo Osella and Benjamin Soares.</subfield>
  </datafield>
  <datafield tag="264" ind1=" " ind2="1">
   <subfield code="a">Chichester, West Sussex, [England]</subfield>
   <subfield code="b">Wiley-Blackwell</subfield>
   <subfield code="c">2010.</subfield>
  </datafield>
  <datafield tag="300" ind1=" " ind2=" ">
   <subfield code="a">viii, 243 p.</subfield>
  </datafield>
  <datafield tag="500" ind1=" " ind2=" ">
   <subfield code="a">Originally published as vol. 15, special issue, May 2009 of The Journal of the Royal Anthropological Society.</subfield>
  </datafield>
  <datafield tag="505" ind1="0" ind2=" ">
   <subfield code="a">Islam, politics, anthropology / Benjamin Soares &amp; Filippo Osella -- Being good in Ramadan : ambivalence, fragmentation, and the moral self in the lives of young Egyptians / Samuli Schielke -- Doubt, faith, and knowledge : the reconfiguration of the intellectual field in post-Nasserist Cairo / Hatsuki Aishima &amp; Armando Salvatore -- A tour not so grand : mobile Muslims in northern Pakistan / Magnus Marsden -- Muslim politics in postcolonial Kenya : negotiating knowledge on the double-periphery / Kai Kresse -- Between dialogue and contestation : gender, Islam, and the challenges of a Malian public sphere / Rosa De Jorio -- Piety politics and the role of a transnational feminist analysis / Lara Deeb -- Mukadas's struggle : veils and modernity in Kyrgyzstan / Julie McBrien -- Genealogy of the Islamic state : reflections on Maududi's political thought and Islamism / Irfan Ahmad -- Talking jihad and piety : reformist exertions among Islamist women in Bangladesh / Maimuna Huq -- Market Islam in Indonesia / Daromir Rudnyckyj -- Muslim entrepreneurs in public life between India and the Gulf : making good and doing good / Filippo Osella &amp; Caroline Osella -- Islam and the politics of enchantment / Gregory Starrett.</subfield>
  </datafield>
  <datafield tag="520" ind1=" " ind2=" ">
   <subfield code="a">Islam, Politics, Anthropology offers critical reflections on past and current studies of Islam and politics in anthropology and charts new analytical approaches to examining Islam in the post-9/11 world.</subfield>
  </datafield>
  <datafield tag="650" ind1=" " ind2="0">
   <subfield code="a">Political anthropology</subfield>
   <subfield code="z">Islamic countries.</subfield>
  </datafield>
  <datafield tag="650" ind1=" " ind2="0">
   <subfield code="a">Islam and politics.</subfield>
  </datafield>
  <datafield tag="650" ind1=" " ind2="0">
   <subfield code="a">Islam and culture.</subfield>
  </datafield>
  <datafield tag="650" ind1=" " ind2="0">
   <subfield code="a">Politics and culture</subfield>
   <subfield code="z">Islamic countries.</subfield>
  </datafield>
  <datafield tag="651" ind1=" " ind2="0">
   <subfield code="a">Islamic countries</subfield>
   <subfield code="x">Politics and government.</subfield>
  </datafield>
  <datafield tag="700" ind1="1" ind2=" ">
   <subfield code="a">Osella, Filippo.</subfield>
  </datafield>
  <datafield tag="700" ind1="1" ind2=" ">
   <subfield code="a">Soares, Benjamin F.</subfield>
  </datafield>
  <datafield tag="730" ind1="0" ind2=" ">
   <subfield code="a">Journal of the Royal Anthropological Society.</subfield>
  </datafield>
  <datafield tag="905" ind1=" " ind2=" ">
   <subfield code="a">FO</subfield>
  </datafield>
  <datafield tag="950" ind1=" " ind2=" ">
   <subfield code="a">Monograph</subfield>
  </datafield>
  <datafield tag="852" ind1="0" ind2=" ">
   <subfield code="a">UPD</subfield>
   <subfield code="b">DAC</subfield>
   <subfield code="h">GN 641</subfield>
   <subfield code="i">I85 2010</subfield>
  </datafield>
  <datafield tag="852" ind1="0" ind2=" ">
   <subfield code="a">UPD</subfield>
   <subfield code="b">DCAL</subfield>
   <subfield code="h">GN 641</subfield>
   <subfield code="i">I85 2010</subfield>
  </datafield>
  <datafield tag="852" ind1="0" ind2=" ">
   <subfield code="a">UPD</subfield>
   <subfield code="b">DCPA</subfield>
   <subfield code="h">GN 641</subfield>
   <subfield code="i">I85 2010</subfield>
  </datafield>
  <datafield tag="852" ind1="0" ind2=" ">
   <subfield code="a">UPD</subfield>
   <subfield code="b">DIS</subfield>
   <subfield code="h">GN 641</subfield>
   <subfield code="i">I85 2010</subfield>
  </datafield>
  <datafield tag="852" ind1="0" ind2=" ">
   <subfield code="a">UPD</subfield>
   <subfield code="b">DMLS</subfield>
   <subfield code="h">GN 641</subfield>
   <subfield code="i">I85 2010</subfield>
  </datafield>
  <datafield tag="942" ind1=" " ind2=" ">
   <subfield code="a">Book</subfield>
  </datafield>
 </record>
</collection>
